Quiz quel est le groupe corse ? - Statistiques

Statistiques générales
  • Ce quiz a été pris 38 fois
  • Le résultat moyen est 10 sur 15
Statistiques - réponses
Question Réponse % Correct
« Ella » Chjar’Di Luna
91%
« Tra more è Campà » I muvrini
91%
« Vince Per Un More » I Muvrini
82%
« Uffesa » Cuscenza
73%
« Lingua Hè » Diana Di L’Alba
73%
« U Lucucciu » Petru Guelfucci
73%
« Missaghju » Canta U Populu Corsu
64%
« Catalunya » L’Arcusgi
64%
« Lotteremu Canteremu » L’Arcusgi
64%
« Quill’altru Mondu » Voce Ventu
64%
« Terra Sacra » Chjami Aghjalesi
55%
« U Partigianu » Chjami Aghjalesi
55%
« Mare D’Argentu » L’Attrachju
55%
« In Memoria » Canta U Populu Corsu
45%
« Pà Una Strada Nova » Surghjenti
45%
Aucun quiz correspondant
Distribution des résultats
% des personnes avec chaque résultat
Percentile par nombre de réponses
Votre historique - résultats
Vous n’avez pas pris ce quiz